La moral por acuerdo / (Registro nro. 2327)

Detalles MARC
000 -LEADER
fixed length control field 00614nam a2200229 a 4500
008 - CAMPO DE CONTROL (LIBRO)
fixed length control field 170223e1994 Ag ||||| |||| 00| 0 spa d
020 ## - INTERNATIONAL STANDARD BOOK NUMBER
ISBN 847432534X
041 ## - CODIGO DE IDIOMA
Código de idioma del texto/pista de sonido o título separado spa
092 ## - SIGNATURA TOPOGRAFICA DEWEY LOCAL
número de clasificación 170
libristica 28
sección GAU
100 1# - ENTRADA PRINCIPAL--NOMBRE PERSONAL
Nombre personal Gauthier, David
9 (RLIN) 3137
245 ## - TITULO PROPIAMENTE DICHO
Título La moral por acuerdo /
Mención de responsabilidad y remanente de la transcripción de la portada David Gauthier
250 ## - MENCION DE EDICION
Mención de edición 1a ed.
260 ## - PIE DE IMPRENTA
Lugar de publicación, distribución, etc Barcelona:
Nombre de la editorial, distribuidor, etc Gedisa;
Fecha de publicación 1994.
300 ## - DESCRIPCION FISICA
Extension 477 p.
500 ## - NOTA GENERAL
Nota general Gauthier, D. (1994). La moral por acuerdo. (1a ed.). Barcelona : Gedisa.
590 ## - NOTAS LOCALES (RLIN)
Nota local Donacion Dra. Dora Vera 2017
653 ## - TÉRMINO INDIZADO - PALABRAS CLAVES
Palabra clave Filosofia
653 ## - TÉRMINO INDIZADO - PALABRAS CLAVES
Palabra clave Moral
653 ## - TÉRMINO INDIZADO - PALABRAS CLAVES
Palabra clave Razon
653 ## - TÉRMINO INDIZADO - PALABRAS CLAVES
Palabra clave Valor
942 ## - ADDED ENTRY ELEMENTS (KOHA)
Source of classification or shelving scheme Dewey Decimal Classification
Item type Libros
Existencias
Estado de retiro Existencia Fuente de clasificación Estado general No para prestamo Colección Ubicación permanente ubicación actual Sala de ubicación Fecha de adquisición Fuente de adquisición Total Checkouts Número de clasificación Código de barras Date last seen Número de ejemplar Price effective from Koha tipo de elemento (item) Public note
    Dewey Decimal Classification     Non-fiction Biblioteca Medicina Biblioteca Medicina Circulación 23/02/2017 Donacion   170;28;GAU 3766 23/02/2017 Ej. 1 23/02/2017 Libros Donacion Dra. Dora Vera 2017

UNIVERSIDAD NACIONAL DEL COMAHUE
Biblioteca de la Facultad de Ciencias Médicas
Sede Toschi: Los Arrayanes y Av. Toschi, Cipolletti  - Rio Negro
Sede Los Tordos:  Yrigoyen al 2211, Cipolletti - Rio Negro 

Teléfono: 0299 - 4774707 int 25
Contacto: biblioteca@facimed.uncoma.edu.ar
© 2011 - 2026